Statistics for Most Visited Cities In Australia By Pictures

Click here to take the quiz!

General Stats

  • This quiz has been taken 102 times
  • The average score is 7 of 9

Answer Stats

Answer% Correct
Sydney
100%
Melbourne
97%
Perth
93%
Brisbane
92%
Adelaide
88%
Darwin
80%
Alice Springs
56%
Hobart
56%
Cairns
42%

Score Distribution

Percentile by Number Answered

Percent of People with Each Score

Your Score History

You have not taken this quiz